LIBRARY & INFORMATION CENTRE, KCAET, TAVANUR

ONLINE PUBLIC ACCESS CATALOGUE (OPAC)

Foundation engineering / (Record no. 1995)

MARC details
000 -LEADER
fixed length control field 00464cam a2200181ua 4500
003 - CONTROL NUMBER IDENTIFIER
control field OSt
008 - FIXED-LENGTH DATA ELEMENTS--GENERAL INFORMATION
fixed length control field 250328b |||||||| |||| 00| 0 eng d
041 ## - LANGUAGE CODE
Language code of text/sound track or separate title eng
082 ## - DEWEY DECIMAL CLASSIFICATION NUMBER
Classification number 624.15
Item number PEC/FO
100 ## - MAIN ENTRY--AUTHOR NAME
Personal name Peck, Ralph B .
245 ## - TITLE STATEMENT
Title Foundation engineering /
250 ## - EDITION STATEMENT
Edition statement 1 /
260 ## - PUBLICATION, DISTRIBUTION, ETC. (IMPRINT)
Place of publication Mumbai :
Name of publisher Asia Publishing House ,
Year of publication 1962.
300 ## - PHYSICAL DESCRIPTION
Number of Pages 410 ; .
700 1# - ADDED ENTRY--PERSONAL NAME
Personal name Hanson, Walter E .
700 1# - ADDED ENTRY--PERSONAL NAME
Personal name Thornbuen, Thomas H .
942 ## - ADDED ENTRY ELEMENTS (KOHA)
Koha item type Books
Holdings
Withdrawn status Lost status Damaged status Home library Current library Date acquired Full call number Accession Number Koha item type
      KAUAET KAUAET 07/04/2012 624.15 PEC/FO 2570 Books
      KAUAET KAUAET 07/04/2012 624.15 PEC/FO 3283 Books
free website counter